| 000 | 01022cam a2200337 a 4500 | ||
|---|---|---|---|
| 001 | 4728 | ||
| 003 | FISKH | ||
| 005 | 20240926114121.0 | ||
| 008 | 110217s2007 nyua j 000 1 eng | ||
| 010 | _a 2011380736 | ||
| 020 | _a9780545034128 (pbk.) | ||
| 020 | _a0545034124 (pbk.) | ||
| 020 | _a9780545034128 | ||
| 040 |
_aDLC _cDLC _beng |
||
| 050 | _aPZ8.R48113 | ||
| 082 | _a567 | ||
| 100 | 1 | _aRingler, Matt. | |
| 245 | 1 | 0 |
_aToday at school / _cby Matt Ringler ; illustrated by George Ulrich. |
| 260 |
_aNew York : _bScholastic, _c2007. |
||
| 300 |
_a30 unnumbered pages : _bcolor illustrations ; _c23 cm |
||
| 490 | 0 | _aRhyme time readers | |
| 505 | _aF | ||
| 520 | _aA child tells his mother about his day at school. | ||
| 521 | 8 |
_a320
_bLexile estimate |
|
| 521 | 8 |
_aF
_bRaz-Plua |
|
| 650 |
_aBack to school _vFocus on Literacy _xrhyming |
||
| 700 | 1 |
_aUlrich, George, _eillustrator |
|
| 906 |
_a7 _bcbc _corignew _d2 _encip _f20 _gy-gencatlg |
||
| 942 |
_2ddc _cBK _n0 |
||
| 999 |
_c4728 _d4728 |
||